000 01248nam a22003617a 4500
003 CHAP
005 20220818173950.0
008 971013s1992 r 00010 d
010 _a8479
011 _a9451
035 _a8686
040 _cCHAP
090 _aTesis
100 1 0 _aRomero Peñaloza, Jorge
_999647
245 _aSelección de maíces resistentes a sequía y calor en lazona de Huetamo, Mich.-Cd. Altamirano, Gro.
260 _aMontecillo, Méx. :
_bEl autor,
_c1992
300 _a151 h.
502 _aTesis (M.C. Esp. en Genética) -- Colegio de Postgraduados. Centro de Genética
590 _aALEPH
_b10
_c20130110
_lUCH01
_h1223
590 _aBATCH-UPD
_b10
_c20130110
_lUCH01
_h0317
590 _aBATCH-UPD
_b10
_c20130409
_lUCH01
_h2349
590 _aBATCH-UPD
_b10
_c20130914
_lUCH01
_h0825
590 _aCONVERSION
_b10
_c20130109
_lUCH01
_h1306
650 1 4 _aCalor
_xEfecto en plantas.
_917573
650 1 4 _aMaíz
_xEfecto de las sequías.
_970933
650 1 4 _aMaíz
_xMichoacán.
_971019
650 1 4 _aMaíz
_xVariedades.
_971081
650 1 4 _aMaíz
_zGuerrero.
_971092
901 _aBK
942 _cFOLL
949 _bBC
_cTES
_d-19008
_eTS1
_h25856
_i8686
_mD
_si
949 _bBC
_cTES
_d33724002061298
_eTS2
_fc.2
_h25857
_i8686
_mD
_si
999 _c8479
_d8479